[Event "EU-ch U16 Girls 27th"]
[Site "Mamaia"]
[Date "2017.09.08"]
[Round "4"]
[White "Nass, Maria"]
[Black "Sosa Suarez, Carla Cristina"]
[Result "0-1"]
[WhiteElo "1655"]
[BlackElo "1930"]
[PlyCount "58"]
[EventDate "2017.09.05"]
[EventType "swiss"]
[EventRounds "9"]
[EventCountry "ROU"]
[SourceTitle "CBM 180 Extra"]
[Source "ChessBase"]
[SourceDate "2017.10.06"]
[SourceVersion "1"]
[SourceVersionDate "2017.10.06"]
[SourceQuality "1"]

1. e4 e6 2. d4 d5 3. exd5 exd5 4. Bd3 Nc6 5. c3 Bd6 6. Ne2 Qh4 7. Nd2 Bg4 8. Nf1 0-0-0 9. Nfg3 Re8 10. Bf5+ Kb8 11. Bxg4 Qxg4 12. 0-0 Qh4 13. Qd2 f6 14. h3 Nge7 15. b4 g5 16. a4 h5 17. a5 g4 18. b5 Nd8 19. b6 gxh3 20. gxh3 Qxh3 21. a6 cxb6 22. axb7 h4 23. Qa2 Nec6 24. Bf4 Bxf4 25. Nxf4 Qg4 26. Nxd5 hxg3 27. Ne3 Rh1+ 28. Kxh1 Qh3+ 29. Kg1 Qh2# 0-1

[Event "EU-ch U16 Girls 27th"]
[Site "Mamaia"]
[Date "2017.09.05"]
[Round "1"]
[White "Sankova, Stella"]
[Black "Nass, Maria"]
[Result "1/2-1/2"]
[WhiteElo "1922"]
[BlackElo "1655"]
[PlyCount "115"]
[EventDate "2017.09.05"]
[EventType "swiss"]
[EventRounds "9"]
[EventCountry "ROU"]
[SourceTitle "CBM 180 Extra"]
[Source "ChessBase"]
[SourceDate "2017.10.06"]
[SourceVersion "1"]
[SourceVersionDate "2017.10.06"]
[SourceQuality "1"]

1. e4 e5 2. Nf3 Nc6 3. Bc4 Nf6 4. d3 Be7 5. c3 0-0 6. Nbd2 d5 7. exd5 Nxd5 8. 0-0 Nb6 9. Bb5 Bg4 10. h3 Bxf3 11. Nxf3 Bf6 12. Re1 Qd6 13. Qe2 Nd7 14. a4 a6 15. Bc4 Nb6 16. Bb3 Rad8 17. a5 Nc8 18. Bc2 Rfe8 19. Nd2 Qe7 20. Nc4 Nd6 21. Ne3 Nb5 22. Nf5 Qd7 23. Qf3 Nd6 24. Ng3 Bh4 25. Ne4 Nxe4 26. Rxe4 Bf6 27. Rg4 Qd6 28. Bh6 e4 29. Rxe4 gxh6 30. d4 Bg7 31. Rxe8+ Rxe8 32. Qf5 Kf8 33. Qxh7 Nxa5 34. Qf5 Nc6 35. Bb3 Qf6 36. Qc5+ Kg8 37. d5 Ne5 38. Qxc7 Nd3 39. Rf1 Re1 40. Qg3 Rxf1+ 41. Kxf1 Nxb2 42. Qb8+ Bf8 43. Qg3+ Qg6 44. Qf3 Qd3+ 45. Qxd3 Nxd3 46. Bc2 Ne5 47. Ke2 Bc5 48. f4 Ng6 49. Kf3 b5 50. Ke4 f6 51. g3 Ne7 52. Bb3 Kg7 53. c4 b4 54. Ba4 a5 55. Bd7 Kf7 56. Kd3 Ng6 57. Ke4 Ne7 58. Kd3 1/2-1/2

[Event "Oslo op"]
[Site "Fornebu"]
[Date "2016.09.30"]
[Round "7"]
[White "Nass, Maria"]
[Black "Valvag, Torbjorn"]
[Result "0-1"]
[WhiteElo "1581"]
[BlackElo "1448"]
[PlyCount "72"]
[EventDate "2016.09.30"]
[EventType "swiss"]
[EventRounds "9"]
[EventCountry "NOR"]
[SourceTitle "EXT 2018"]
[Source "ChessBase"]
[SourceDate "2017.10.13"]
[SourceVersion "1"]
[SourceVersionDate "2017.10.13"]
[SourceQuality "1"]

1. e4 c5 2. Nf3 d6 3. d4 cxd4 4. Nxd4 Nf6 5. Nc3 g6 6. f3 Bg7 7. Be3 0-0 8. Qd2 Nc6 9. 0-0-0 Bd7 10. g4 Rc8 11. h4 Qa5 12. Nb3 Qc7 13. h5 Nxg4 14. fxg4 Bxg4 15. Be2 Bxc3 16. bxc3 Bxe2 17. Qxe2 Na5 18. Bd2 Qc4 19. Qh2 g5 20. Nxa5 Qxa2 21. Nb3 f6 22. Rdg1 a5 23. Bxg5 Kf7 24. Bh6 a4 25. Qh3 Rg8 26. Rxg8 Rxg8 27. Nd4 a3 28. Kd2 Qc4 29. Qh2 b5 30. Rg1 b4 31. cxb4 Qxd4+ 32. Ke2 Qxg1 33. Qxg1 Rxg1 34. Be3 Rb1 35. Bd2 a2 36. Bc3 Rxb4 0-1

[Event "Oslo op"]
[Site "Fornebu"]
[Date "2016.09.30"]
[Round "6"]
[White "Shehzad, Shazil Khan"]
[Black "Nass, Maria"]
[Result "1-0"]
[WhiteElo "1738"]
[BlackElo "1581"]
[PlyCount "75"]
[EventDate "2016.09.30"]
[EventType "swiss"]
[EventRounds "9"]
[EventCountry "NOR"]
[SourceTitle "EXT 2018"]
[Source "ChessBase"]
[SourceDate "2017.10.13"]
[SourceVersion "1"]
[SourceVersionDate "2017.10.13"]
[SourceQuality "1"]

1. e4 e5 2. Nf3 Nc6 3. d4 exd4 4. Nxd4 Nf6 5. Nxc6 bxc6 6. e5 Nd5 7. c4 Nb6 8. Bd3 d5 9. exd6 Bxd6 10. 0-0 Be6 11. Qc2 c5 12. Re1 Qf6 13. Be4 0-0-0 14. Na3 a6 15. Be3 Qh4 16. g3 Qh5 17. b4 Be5 18. bxc5 Bxa1 19. Rxa1 Nd7 20. Qa4 Nxc5 21. Bxc5 Qxc5 22. Rb1 Rd2 23. Rf1 Rxa2 24. Bb7+ Kb8 25. Bc6 Rxa3 26. Rb1+ Kc8 27. Bb7+ Kd8 28. Rd1+ Ke7 29. Qc2 Qxc4 30. Qd2 Ra2 31. Qg5+ f6 32. Qxg7+ Bf7 33. Bd5 Qe2 34. Qxf7+ Kd6 35. Bf3+ Qxd1+ 36. Bxd1 Rd2 37. Qxf6+ Kc5 38. Qc3+ 1-0

[Event "EU-ch U14 Girls 26th"]
[Site "Prague"]
[Date "2016.08.19"]
[Round "2"]
[White "Nass, Maria"]
[Black "Nemcova, Karin"]
[Result "0-1"]
[WhiteElo "1588"]
[BlackElo "1798"]
[PlyCount "50"]
[EventDate "2016.08.18"]
[EventType "swiss"]
[EventRounds "9"]
[EventCountry "CZE"]
[SourceTitle "CBM 174 Extra"]
[Source "ChessBase"]
[SourceDate "2016.10.10"]
[SourceVersion "1"]
[SourceVersionDate "2016.10.10"]
[SourceQuality "1"]

1. e4 d5 2. exd5 Qxd5 3. Nc3 Qd6 4. d4 Nf6 5. Be3 a6 6. Nf3 Bg4 7. Be2 e6 8. h3 Bh5 9. Qd2 Nc6 10. 0-0-0 0-0-0 11. Ne5 Bg6 12. h4 Be7 13. Nxg6 hxg6 14. g3 Nb4 15. Bf3 Nfd5 16. Nxd5 Nxd5 17. Bxd5 Qxd5 18. Kb1 Rd6 19. Rhe1 Rb6 20. c3 Ba3 21. b4 a5 22. Qd3 Rd8 23. c4 Rxb4+ 24. Ka1 Bb2+ 25. Kb1 Bxd4+ 0-1

[Event "NOR-ch U16"]
[Site "Stavanger"]
[Date "2016.06.05"]
[Round "1"]
[White "Huse, Sigurd Kjelsbol"]
[Black "Nass, Maria"]
[Result "0-1"]
[WhiteElo "1944"]
[BlackElo "1651"]
[PlyCount "118"]
[EventDate "2017.07.01"]
[EventType "swiss"]
[EventRounds "9"]
[EventCountry "NOR"]
[SourceTitle "EXT 2018"]
[Source "ChessBase"]
[SourceDate "2017.10.13"]
[SourceVersion "1"]
[SourceVersionDate "2017.10.13"]
[SourceQuality "1"]

1. e4 e5 2. Nf3 Nc6 3. Bb5 a6 4. Bxc6 dxc6 5. 0-0 Bd6 6. d4 exd4 7. Qxd4 f6 8. e5 Be7 9. Qxd8+ Bxd8 10. Bf4 Bf5 11. Re1 Kf7 12. c3 Ne7 13. exf6 gxf6 14. Nbd2 Nd5 15. Bg3 Re8 16. Nd4 Rxe1+ 17. Rxe1 Bd7 18. a3 Rc8 19. N2b3 Be7 20. c4 Nb6 21. Na5 Bd6 22. Nxb7 Bxg3 23. fxg3 Nxc4 24. Nc5 Be8 25. Re2 a5 26. Rc2 Ne3 27. Re2 Nc4 28. a4 Ne5 29. b3 Nd7 30. Nb7 c5 31. Nc6 Ne5 32. Nxe5+ fxe5 33. Nxa5 Ke6 34. Nc4 Kd5 35. Rxe5+ Kd4 36. Re1 Bf7 37. Na5 Kc3 38. Re3+ Kd4 39. Re7 Bg6 40. Nc6+ Kc3 41. a5 Kxb3 42. a6 c4 43. a7 c3 44. Nd4+ Kb2 45. Rxc7 Ra8 46. Rb7+ Kc1 47. Ne2+ Kd2 48. Kf2 c2 49. Rc7 Rf8+ 50. Nf4 c1Q 51. Rxc1 Kxc1 52. a8Q Rxa8 53. Nxg6 hxg6 54. h4 Rf8+ 55. Ke3 Kd1 56. g4 Ke1 57. g5 Kf1 58. g4 Kg2 59. h5 Kg3 0-1

[Event "NOR-ch U12"]
[Site "Oslo"]
[Date "2015.07.04"]
[Round "6"]
[White "Nass, Maria"]
[Black "Nilsen, Tobias Lang"]
[Result "0-1"]
[WhiteElo "1353"]
[BlackElo "1776"]
[PlyCount "56"]
[EventDate "2015.07.04"]
[EventType "swiss"]
[EventRounds "9"]
[EventCountry "NOR"]
[SourceTitle "EXT 2017"]
[Source "ChessBase"]
[SourceDate "2016.10.25"]
[SourceVersion "1"]
[SourceVersionDate "2016.10.25"]
[SourceQuality "1"]

1. e4 e6 2. d4 d5 3. exd5 exd5 4. Bd3 c5 5. dxc5 Bxc5 6. Nc3 Nf6 7. Nf3 0-0 8. 0-0 Nc6 9. Bg5 Be6 10. a3 Be7 11. Re1 Re8 12. Ne2 h6 13. Bh4 Ne4 14. Bxe7 Rxe7 15. Ned4 Bd7 16. c4 Nxd4 17. Nxd4 Qb6 18. Bc2 Rae8 19. cxd5 Nxf2 20. Qd2 Rxe1+ 21. Rxe1 Rxe1+ 22. Qxe1 Qxd4 23. Qxf2 Qxd5 24. Qxa7 g6 25. Qb6 Bc6 26. Qf2 Qg5 27. Bb3 Qc1+ 28. Qf1 Qe3+ 0-1

[Event "Oslo Sveins op 8th"]
[Site "Oslo"]
[Date "2015.06.23"]
[Round "8"]
[White "Nilsen, Tobias Lang"]
[Black "Nass, Maria"]
[Result "1-0"]
[WhiteElo "1917"]
[BlackElo "1520"]
[PlyCount "41"]
[EventDate "2015.06.19"]
[EventType "swiss"]
[EventRounds "9"]
[EventCountry "NOR"]
[SourceTitle "CBM 167 Extra"]
[Source "ChessBase"]
[SourceDate "2015.09.14"]
[SourceVersion "1"]
[SourceVersionDate "2015.09.14"]
[SourceQuality "1"]

1. d4 f5 2. Nf3 Nf6 3. g3 g6 4. Bg2 Bg7 5. 0-0 0-0 6. Nbd2 d6 7. Re1 Nc6 8. e4 fxe4 9. Nxe4 Nxe4 10. Rxe4 Bf5 11. Re1 Rb8 12. c3 Kh8 13. Bf4 Qd7 14. d5 Nd8 15. Nd4 e5 16. dxe6 Nxe6 17. Nxe6 Bxe6 18. Be3 b6 19. Bd4 Bxd4 20. Qxd4+ Kg8 21. Rxe6 1-0

[Event "Wch U12 Girls"]
[Site "Durban"]
[Date "2014.09.23"]
[Round "6"]
[White "Nass, Maria"]
[Black "Nassr, Rania"]
[Result "1-0"]
[WhiteElo "1419"]
[BlackElo "1580"]
[PlyCount "67"]
[EventDate "2014.09.20"]
[EventType "swiss"]
[EventRounds "11"]
[EventCountry "RSA"]
[SourceTitle "CBM 162 Extra"]
[Source "ChessBase"]
[SourceDate "2014.10.17"]
[SourceVersion "1"]
[SourceVersionDate "2014.10.17"]
[SourceQuality "1"]

1. e4 c6 2. d4 d5 3. Nc3 dxe4 4. Nxe4 Nf6 5. Ng3 e6 6. Nf3 Nbd7 7. Bf4 c5 8. dxc5 Bxc5 9. Bd6 Qb6 10. Bxc5 Qxc5 11. Bd3 Qb4+ 12. Nd2 Qxb2 13. 0-0 0-0 14. Nde4 Nxe4 15. Nxe4 Ne5 16. Be2 b6 17. Qc1 Qd4 18. Qf4 Bb7 19. Nf6+ gxf6 20. Qxd4 Kh8 21. f4 Rg8 22. g3 Rad8 23. Qc3 Rc8 24. Qb2 Nd7 25. Rad1 Bc6 26. Bb5 Bxb5 27. Qxb5 Nc5 28. Qb2 Rg6 29. f5 exf5 30. Rxf5 Ne4 31. Rf3 Rcg8 32. Qd4 Rg4 33. Rxf6 Nxg3 34. Rf4+ 1-0

[Event "NOR-ch U11"]
[Site "Hamar"]
[Date "2013.11.16"]
[Round "3"]
[White "Nass, Maria"]
[Black "Merkesvik, Amalie Isabel"]
[Result "1-0"]
[WhiteElo "1136"]
[BlackElo "934"]
[PlyCount "45"]
[EventDate "2013.11.15"]
[EventType "swiss"]
[EventRounds "7"]
[EventCountry "NOR"]
[SourceTitle "EXT 2024"]
[Source "ChessBase"]
[SourceDate "2023.10.10"]
[SourceVersion "1"]
[SourceVersionDate "2023.10.10"]
[SourceQuality "1"]

1. e4 e5 2. Nf3 Nc6 3. Bc4 Bc5 4. c3 Nf6 5. d4 exd4 6. e5 Ng4 7. cxd4 Be7 8. h3 Nh6 9. 0-0 d6 10. Nc3 Bf5 11. Re1 Qd7 12. Bb5 a6 13. Ba4 b5 14. Bc2 Rg8 15. exd6 cxd6 16. d5 Nb4 17. Bxf5 Nxf5 18. a3 h6 19. axb4 g5 20. g4 Ng7 21. Qe2 Ne6 22. dxe6 fxe6 23. Qxe6 1-0